000 00807nam a2200229 i 4500
001 52841
003 ES-MaACL
005 20240313192752.0
007 t|
008 030905s1973 sp ||||1| spa d
100 1 _aDefourneaux, Marcelin.
_943209
245 1 0 _aInquisición y censura de libros en la España del siglo XVIII /
_cMarcelin Defourneaux ; versión española de J. Ignacio Tellechea Idígoras.
260 _a[Madrid] :
_bTaurus,
_c[1973]
300 _a268 p. ;
_c22 cm.
490 1 _aEnsayistas ;
_v111
650 4 _aLibros prohibidos-
_zEspaña.
_9145979
650 4 _aCensura-
_zEspaña-
_yS.XVIII.
_9165345
700 1 _aTellechea Idígoras, José Ignacio,
_d1928-2008
_9109621
830 0 _aEnsayistas ;
_v111
_9177257
852 _aES-MaACL
_jC-56291
999 _c52841
_d52841